Geography Quiz

Random Geography or City Quiz

Largest Colorado Cities OUTSIDE the Denver Metro Area Quiz Stats

 Plays Quiz not verified by Sporcle

Challenge
Share
Tweet
Embed
Score 0/8 Timer 03:00
0 Plays Today
Hint? City % Correct
70 miles south of DenverColorado Springs
98.4%
Some would say this city IS in the Denver AreaBoulder
90.6%
former Steel CityPueblo
87.1%
Largest city NOT on the front range.Grand Junction
84.8%
one of the 'fastest growing cities in America'Ft. Collins
82.3%
How romantic!...Loveland
65.5%
'Go west, young man...'Greeley
63.9%
Long's Peak is due west from hereLongmont
51.9%

You're not logged in!

Compare scores with friends on all Sporcle quizzes.
OR
Log In

You Might Also Like...

Show Comments

Extras

Top Quizzes Today


Score Distribution

Your Account Isn't Verified!

In order to create a playlist on Sporcle, you need to verify the email address you used during registration. Go to your Sporcle Settings to finish the process.

Report this User

Report this user for behavior that violates our Community Guidelines.

Details: